[Event "AsianNationCup2018"]
[Site "Hamedan"]
[Date "2018.07.31"]
[Round "4.1"]
[White "Maghsoodloo, Parham"]
[Black "Adhiban, B."]
[Result "1/2-1/2"]
[BlackElo "2671"]
[WhiteElo "2636"]
[LiveChessVersion "1.4.8"]

1. Nf3 {[%clk 1:30:56]} Nf6 {[%clk 1:30:49]} 2. c4 {[%clk 1:30:53]} g6
{[%clk 1:27:50]} 3. d4 {[%clk 1:30:28]} Bg7 {[%clk 1:28:08]} 4. g3
{[%clk 1:30:51]} c5 {[%clk 1:28:33]} 5. Bg2 {[%clk 1:26:58]} cxd4
{[%clk 1:29:01]} 6. Nxd4 {[%clk 1:27:22]} h5 {[%clk 1:29:28]} 7. Nc3
{[%clk 1:22:16]} h4 {[%clk 1:29:44]} 8. c5 Nc6 {[%clk 1:01:30]} 9. Nb3
{[%clk 1:15:40]} b6 {[%clk 0:58:40]} 10. cxb6 {[%clk 1:15:59]} axb6
{[%clk 0:56:48]} 11. Bf4 {[%clk 1:15:42]} Bb7 12. Rc1 {[%clk 1:08:48]} O-O
{[%clk 0:45:14]} 13. O-O {[%clk 1:08:48]} Na5 {[%clk 0:45:14]} 14. Bxb7
{[%clk 1:02:45]} Nxb7 {[%clk 0:44:45]} 15. Nd5 {[%clk 0:57:51]} d6
{[%clk 0:42:00]} 16. Bg5 {[%clk 0:57:56]} hxg3 17. hxg3 {[%clk 0:50:42]} Nxd5
{[%clk 0:41:25]} 18. Qxd5 {[%clk 0:51:01]} Nc5 {[%clk 0:41:53]} 19. Rfd1
{[%clk 0:43:46]} Bxb2 20. Rb1 {[%clk 0:34:37]} Bg7 {[%clk 0:38:36]} 21. Nxc5
{[%clk 0:35:02]} bxc5 {[%clk 0:36:31]} 22. Rb7 {[%clk 0:35:24]} e6
{[%clk 0:35:34]} 23. Qd2 {[%clk 0:34:32]} Qc8 {[%clk 0:30:24]} 24. Rdb1
{[%clk 0:35:01]} c4 {[%clk 0:29:11]} 25. Qxd6 {[%clk 0:34:49]} c3
{[%clk 0:28:47]} 26. Rc7 {[%clk 0:33:34]} Qa6 {[%clk 0:29:12]} 27. Qxa6
{[%clk 0:33:26]} Rxa6 {[%clk 0:29:38]} 28. Be7 {[%clk 0:33:50]} Re8
{[%clk 0:28:15]} 29. Rbb7 {[%clk 0:28:51]} Rxa2 {[%clk 0:21:37]} 30. Bg5
{[%clk 0:29:16]} Rf8 {[%clk 0:20:39]} 31. Be7 {[%clk 0:29:30]} Re8
{[%clk 0:21:05]} 32. Bg5 {[%clk 0:29:56]} Rf8 {[%clk 0:10:55]} 33. Be7
{[%clk 0:30:24]} Be5 {[%clk 0:06:30]} 34. Rc5 {[%clk 0:23:30]} Rxe2
{[%clk 0:06:43]} 35. Bxf8 {[%clk 0:21:53]} Kxf8 {[%clk 0:07:05]} 36. Rd7
{[%clk 0:19:51]} Ke8 {[%clk 0:04:55]} 37. Kf1 {[%clk 0:19:28]} Kxd7
{[%clk 0:02:25]} 1/2-1/2

[Event "AsianNationCup2018"]
[Site "Hamedan"]
[Date "2018.07.31"]
[Round "4.2"]
[White "Sethuraman, S.P."]
[Black "Idani, Pouya"]
[Result "1/2-1/2"]
[BlackElo "2583"]
[WhiteElo "2657"]
[LiveChessVersion "1.4.8"]

1. e4 {[%clk 1:30:24]} c5 {[%clk 1:30:55]} 2. Nf3 {[%clk 1:30:49]} d6
{[%clk 1:31:21]} 3. d4 {[%clk 1:31:14]} cxd4 {[%clk 1:31:48]} 4. Nxd4
{[%clk 1:31:40]} Nf6 {[%clk 1:32:13]} 5. Nc3 {[%clk 1:32:05]} a6 {[%clk 1:32:40]}
6. Be3 {[%clk 1:32:32]} e5 {[%clk 1:33:02]} 7. Nb3 {[%clk 1:32:58]} Be6
{[%clk 1:33:28]} 8. h3 {[%clk 1:33:24]} Nc6 {[%clk 1:33:53]} 9. Qf3
{[%clk 1:33:39]} Nb4 {[%clk 1:33:54]} 10. O-O-O {[%clk 1:33:48]} Rc8
{[%clk 1:34:20]} 11. Kb1 {[%clk 1:33:57]} h6 12. Be2 {[%clk 0:59:45]} d5
{[%clk 1:18:29]} 13. exd5 Nfxd5 14. Bd2 {[%clk 0:35:45]} Qb6 {[%clk 1:06:29]} 15.
Nxd5 {[%clk 0:33:20]} Nxd5 16. Bd3 {[%clk 0:29:37]} Nf6 {[%clk 1:00:51]} 17. Rhe1
{[%clk 0:28:44]} Bd6 {[%clk 0:59:18]} 18. Ba5 {[%clk 0:27:13]} Qc6
{[%clk 0:58:35]} 19. Qxc6+ {[%clk 0:23:23]} Rxc6 {[%clk 0:58:34]} 20. Bc3 Rxc3
{[%clk 0:53:17]} 21. bxc3 {[%clk 0:23:04]} Ke7 {[%clk 0:52:35]} 22. c4
{[%clk 0:19:36]} b6 {[%clk 0:49:40]} 23. f4 exf4 {[%clk 0:48:35]} 24. Nd4
{[%clk 0:15:49]} Bc5 25. c3 Bxd4 {[%clk 0:35:51]} 26. cxd4 {[%clk 0:11:19]} Kd6
27. Rd2 {[%clk 0:08:11]} b5 {[%clk 0:33:39]} 28. c5+ {[%clk 0:07:07]} Kc7
{[%clk 0:32:14]} 29. Kb2 {[%clk 0:05:22]} Nd5 {[%clk 0:28:57]} 30. Bc2
{[%clk 0:05:42]} Ne3 {[%clk 0:28:04]} 31. Bb3 {[%clk 0:05:33]} Rd8
{[%clk 0:28:09]} 32. g3 {[%clk 0:03:25]} g5 {[%clk 0:28:28]} 33. gxf4
{[%clk 0:03:29]} gxf4 {[%clk 0:28:53]} 34. Kc3 {[%clk 0:03:03]} Kc6
{[%clk 0:26:18]} 35. Bxe6 {[%clk 0:01:21]} fxe6 {[%clk 0:26:42]} 36. Rxe3
{[%clk 0:01:45]} fxe3 {[%clk 0:27:05]} 37. Re2 {[%clk 0:02:04]} e5
{[%clk 0:24:17]} 38. dxe5 {[%clk 0:02:30]} Kxc5 {[%clk 0:18:49]} 39. Rxe3
{[%clk 0:02:57]} Re8 {[%clk 0:18:31]} 40. Re4 {[%clk 0:03:12]} Re6
{[%clk 0:18:15]} 41. Rh4 {[%clk 0:03:13]} a5 {[%clk 0:16:48]} 42. Rh5
{[%clk 0:02:37]} Kd5 {[%clk 0:16:45]} 43. Kb3 {[%clk 0:02:29]} Kd4
{[%clk 0:16:18]} 44. Rh4+ {[%clk 0:01:46]} Kd5 {[%clk 0:15:32]} 45. Rh5
{[%clk 0:02:09]} Kc5 {[%clk 0:15:39]} 46. Kc3 {[%clk 0:02:28]} Kd5
{[%clk 0:14:23]} 47. Kb3 {[%clk 0:02:51]} Rxe5 {[%clk 0:14:43]} 48. Rxh6
{[%clk 0:03:17]} Kc5 {[%clk 0:14:26]} 49. a4 {[%clk 0:23:58]} b4 {[%clk 0:42:54]}
50. h4 {[%clk 0:23:49]} Re3+ {[%clk 0:39:10]} 51. Kb2 {[%clk 0:24:14]} Rh3
{[%clk 0:39:26]} 52. Rh8 {[%clk 0:23:18]} Rh2+ {[%clk 0:39:41]} 53. Kb3
{[%clk 0:23:44]} Rh3+ {[%clk 0:40:08]} 54. Kb2 {[%clk 0:24:12]} 1/2-1/2

[Event "AsianNationCup2018"]
[Site "Hamedan"]
[Date "2018.07.31"]
[Round "4.3"]
[White "Tabatabaei, M.Amin"]
[Black "Sasikiran, Krishnan"]
[Result "1-0"]
[BlackElo "2666"]
[WhiteElo "2590"]
[LiveChessVersion "1.4.8"]

1. d4 {[%clk 1:30:56]} d5 {[%clk 1:30:51]} 2. c4 {[%clk 1:31:20]} dxc4
{[%clk 1:31:13]} 3. e3 {[%clk 1:29:47]} Nf6 {[%clk 1:29:15]} 4. Bxc4
{[%clk 1:29:59]} e6 {[%clk 1:29:18]} 5. Nf3 {[%clk 1:30:22]} c5 {[%clk 1:29:33]}
6. O-O {[%clk 1:30:45]} a6 {[%clk 1:29:54]} 7. b3 {[%clk 1:26:12]} cxd4
{[%clk 1:24:08]} 8. Nxd4 {[%clk 1:24:51]} Bd7 {[%clk 1:23:02]} 9. Bb2
{[%clk 1:20:49]} Nc6 10. Nd2 {[%clk 1:14:44]} Be7 {[%clk 1:20:27]} 11. N4f3
{[%clk 1:11:20]} O-O {[%clk 1:16:57]} 12. Qb1 Qa5 13. a3 {[%clk 0:37:53]} Rad8
{[%clk 1:09:11]} 14. b4 {[%clk 0:35:05]} Qh5 {[%clk 1:08:01]} 15. Ne4 Nxe4
{[%clk 0:58:20]} 16. Qxe4 {[%clk 0:35:20]} Qg6 {[%clk 0:53:21]} 17. Qf4
{[%clk 0:26:41]} Bc8 {[%clk 0:50:25]} 18. e4 Bd6 {[%clk 0:40:11]} 19. Qe3
{[%clk 0:24:14]} Bb8 {[%clk 0:38:09]} 20. Rfd1 {[%clk 0:22:38]} e5
{[%clk 0:34:24]} 21. Rxd8 {[%clk 0:14:03]} Rxd8 {[%clk 0:33:49]} 22. Bd5
{[%clk 0:14:31]} Ne7 {[%clk 0:30:15]} 23. Bxe5 {[%clk 0:11:09]} Bxe5
{[%clk 0:25:32]} 24. Nxe5 {[%clk 0:11:28]} Nxd5 {[%clk 0:25:48]} 25. exd5
{[%clk 0:11:34]} Qh5 {[%clk 0:24:26]} 26. Re1 {[%clk 0:02:26]} f6
{[%clk 0:21:08]} 27. Nd3 {[%clk 0:02:54]} Qxd5 {[%clk 0:19:18]} 28. Nf4
{[%clk 0:03:23]} Qd6 {[%clk 0:16:19]} 29. h4 {[%clk 0:03:42]} Bf5
{[%clk 0:13:53]} 30. Rc1 {[%clk 0:02:27]} Qd2 {[%clk 0:11:51]} 31. Qxd2
{[%clk 0:02:12]} Rxd2 {[%clk 0:12:15]} 32. Rc5 {[%clk 0:02:39]} Bd7
{[%clk 0:08:56]} 33. Rc7 {[%clk 0:03:06]} b5 {[%clk 0:07:37]} 34. Ra7
{[%clk 0:03:18]} Rd6 {[%clk 0:06:22]} 35. f3 {[%clk 0:03:42]} Kf7
{[%clk 0:05:48]} 36. Kf2 {[%clk 0:04:07]} g5 {[%clk 0:05:48]} 37. hxg5
{[%clk 0:04:27]} fxg5 {[%clk 0:06:12]} 38. Ne2 {[%clk 0:04:34]} g4
{[%clk 0:03:12]} 39. Nc3 {[%clk 0:02:54]} gxf3 {[%clk 0:02:46]} 40. Ne4
{[%clk 0:03:13]} Rd5 {[%clk 0:01:34]} 41. Nc5 {[%clk 0:25:52]} Ke8
{[%clk 0:30:05]} 42. Nxd7 {[%clk 0:26:04]} Rxd7 {[%clk 0:28:28]} 43. Rxd7
{[%clk 0:26:29]} Kxd7 {[%clk 0:28:52]} 44. Kxf3 {[%clk 0:26:57]} Ke6
{[%clk 0:24:45]} 45. Kg4 {[%clk 0:27:19]} Kf6 {[%clk 0:17:24]} 46. Kh5
{[%clk 0:27:38]} Kg7 {[%clk 0:17:46]} 47. Kg5 {[%clk 0:28:04]} h6+
{[%clk 0:18:06]} 48. Kf5 {[%clk 0:28:32]} Kf7 {[%clk 0:18:30]} 49. Ke5
{[%clk 0:29:00]} Ke7 {[%clk 0:18:01]} 50. Kd5 {[%clk 0:29:14]} Kd7
{[%clk 0:18:26]} 51. Kc5 {[%clk 0:29:41]} Kc7 {[%clk 0:18:38]} 52. g4
{[%clk 0:29:27]} Kb7 {[%clk 0:18:17]} 53. Kd6 {[%clk 0:29:53]} Kb6
{[%clk 0:18:22]} 54. Ke6 {[%clk 0:30:09]} Kc6 {[%clk 0:18:44]} 55. Kf6
{[%clk 0:30:36]} Kd5 {[%clk 0:18:57]} 56. Kg6 {[%clk 0:31:03]} Kc4
{[%clk 0:19:21]} 57. Kxh6 {[%clk 0:31:30]} Kb3 {[%clk 0:19:48]} 58. g5
{[%clk 0:31:57]} Kxa3 {[%clk 0:20:00]} 59. g6 {[%clk 0:32:25]} Kxb4
{[%clk 0:20:18]} 60. g7 {[%clk 0:32:53]} 1-0

[Event "AsianNationCup2018"]
[Site "Hamedan"]
[Date "2018.07.31"]
[Round "4.4"]
[White "Ganguly, Surya Shekhar"]
[Black "Firouzja, Alireza"]
[Result "1/2-1/2"]
[BlackElo "2561"]
[WhiteElo "2652"]
[LiveChessVersion "1.4.8"]

1. e4 {[%clk 1:30:50]} c5 {[%clk 1:30:50]} 2. Nf3 {[%clk 1:31:09]} d6
{[%clk 1:31:14]} 3. d4 {[%clk 1:31:31]} cxd4 {[%clk 1:31:38]} 4. Nxd4
{[%clk 1:31:56]} Nf6 {[%clk 1:32:00]} 5. Nc3 {[%clk 1:32:21]} a6 {[%clk 1:32:26]}
6. g3 {[%clk 1:32:36]} e6 {[%clk 1:26:53]} 7. Bg2 {[%clk 1:32:50]} Qc7
{[%clk 1:25:23]} 8. O-O {[%clk 1:32:41]} Bd7 {[%clk 1:23:51]} 9. a4
{[%clk 1:23:10]} Nc6 {[%clk 1:23:46]} 10. Nb3 Be7 {[%clk 1:17:33]} 11. f4
{[%clk 1:19:30]} Na5 {[%clk 1:11:19]} 12. e5 {[%clk 1:14:57]} dxe5
{[%clk 1:00:09]} 13. fxe5 {[%clk 1:14:55]} Nxb3 {[%clk 1:00:29]} 14. exf6
{[%clk 1:15:01]} Bc5+ {[%clk 0:45:06]} 15. Kh1 Nxc1 16. Ne4 {[%clk 1:05:18]} g6
{[%clk 0:44:32]} 17. b4 {[%clk 1:04:25]} Be3 18. Ra3 {[%clk 0:53:24]} Bh6
{[%clk 0:33:56]} 19. Rc3 {[%clk 0:52:42]} Bc6 {[%clk 0:33:47]} 20. b5
{[%clk 0:50:45]} axb5 {[%clk 0:33:38]} 21. axb5 {[%clk 0:51:01]} O-O
{[%clk 0:31:06]} 22. bxc6 Na2 {[%clk 0:27:57]} 23. cxb7 {[%clk 0:49:00]} Qxb7
{[%clk 0:25:55]} 24. Rb3 {[%clk 0:47:12]} Qc7 {[%clk 0:24:51]} 25. g4
{[%clk 0:37:09]} Rfd8 {[%clk 0:22:08]} 26. Qe1 {[%clk 0:37:27]} Qxc2
{[%clk 0:16:41]} 27. Rh3 {[%clk 0:36:55]} Bc1 {[%clk 0:16:05]} 28. Nd6
{[%clk 0:28:08]} Qc7 {[%clk 0:10:21]} 29. Bxa8 {[%clk 0:20:46]} Rxa8
{[%clk 0:10:37]} 30. Qe4 {[%clk 0:19:37]} Rd8 {[%clk 0:08:34]} 31. Rd3
{[%clk 0:16:21]} Rb8 {[%clk 0:06:35]} 32. Qc4 {[%clk 0:13:14]} Qa7
{[%clk 0:06:04]} 33. Rxc1 {[%clk 0:10:36]} Nxc1 {[%clk 0:06:19]} 34. Qxc1
{[%clk 0:11:01]} Qa2 {[%clk 0:05:38]} 35. Rd1 {[%clk 0:09:28]} Qe2
{[%clk 0:04:19]} 36. Rf1 {[%clk 0:06:50]} h6 {[%clk 0:03:10]} 37. Qc4
{[%clk 0:04:56]} Qe5 {[%clk 0:02:58]} 38. Qc6 {[%clk 0:03:40]} Qe2
{[%clk 0:01:11]} 39. Qf3 {[%clk 0:03:26]} Qc2 {[%clk 0:01:32]} 40. Ne4
{[%clk 0:00:59]} Rb3 {[%clk 0:01:01]} 41. Qg2 {[%clk 0:28:27]} Qc7
{[%clk 0:30:56]} 42. Qd2 {[%clk 0:22:05]} Qb7 {[%clk 0:28:51]} 43. Re1
{[%clk 0:21:47]} Kh7 {[%clk 0:29:13]} 44. Kg1 {[%clk 0:21:36]} Rb2
{[%clk 0:28:00]} 45. Qd4 {[%clk 0:18:21]} Rb4 {[%clk 0:24:52]} 46. Qe3
{[%clk 0:18:03]} Rb3 {[%clk 0:24:09]} 47. Qf2 {[%clk 0:18:00]} Rb2
{[%clk 0:22:32]} 48. Re2 {[%clk 0:17:59]} Rb1+ {[%clk 0:22:32]} 49. Kg2
{[%clk 0:18:24]} Qb5 {[%clk 0:21:29]} 50. Qf3 {[%clk 0:16:49]} Qb6
{[%clk 0:20:49]} 51. Qe3 {[%clk 0:15:50]} Qb5 {[%clk 0:20:51]} 52. Qf3
{[%clk 0:14:39]} Rb3 {[%clk 0:19:51]} 53. Re3 {[%clk 0:14:57]} Rb2+
{[%clk 0:20:01]} 54. Nf2 {[%clk 0:15:12]} Qc5 {[%clk 0:18:22]} 55. h4
{[%clk 0:14:41]} Rb4 {[%clk 0:16:59]} 56. Rd3 {[%clk 0:13:59]} Qc7
{[%clk 0:15:17]} 57. Rc3 {[%clk 0:11:54]} Qe5 {[%clk 0:14:43]} 58. Re3
{[%clk 0:12:06]} Qd6 {[%clk 0:12:32]} 59. Re4 {[%clk 0:11:12]} Rb2
{[%clk 0:12:03]} 60. h5 {[%clk 0:08:35]} Qd5 {[%clk 0:07:48]} 61. Rf4
{[%clk 0:07:34]} Qg5 {[%clk 0:06:22]} 62. hxg6+ {[%clk 0:05:49]} Qxg6
{[%clk 0:06:46]} 63. Kh3 {[%clk 0:05:58]} Qb1 {[%clk 0:06:45]} 64. Qe4+
{[%clk 0:03:39]} Qxe4 {[%clk 0:07:09]} 65. Nxe4 {[%clk 0:04:06]} Kg6
{[%clk 0:07:10]} 66. Rf3 {[%clk 0:03:32]} Rb4 {[%clk 0:07:06]} 67. Nc5
{[%clk 0:03:16]} h5 {[%clk 0:05:55]} 68. gxh5+ {[%clk 0:03:05]} Kxh5
{[%clk 0:06:19]} 69. Nxe6 {[%clk 0:03:29]} Rb6 {[%clk 0:05:17]} 70. Nc5
{[%clk 0:03:19]} Rb4 {[%clk 0:04:28]} 71. Nd3 {[%clk 0:02:41]} Re4
{[%clk 0:04:55]} 72. Nf2 {[%clk 0:02:32]} Ra4 {[%clk 0:04:34]} 73. Nd3
{[%clk 0:00:58]} Re4 {[%clk 0:04:58]} 74. Rg3 {[%clk 0:00:59]} Rd4
{[%clk 0:03:20]} 75. Ne5 {[%clk 0:01:03]} Rh4+ {[%clk 0:03:33]} 76. Kg2
{[%clk 0:01:32]} Rf4 {[%clk 0:03:51]} 77. Nd7 {[%clk 0:01:03]} Rg4
{[%clk 0:03:31]} 78. Nc5 {[%clk 0:00:48]} Rf4 {[%clk 0:03:21]} 79. Nd7
{[%clk 0:00:59]} Rg4 {[%clk 0:03:38]} 80. Nc5 {[%clk 0:00:49]} Rf4
{[%clk 0:03:57]} 81. Rf3 {[%clk 0:01:15]} Kg4 {[%clk 0:04:19]} 82. Rg3+
{[%clk 0:01:09]} 1/2-1/2

[Event "AsianNationCup2018"]
[Site "Hamedan"]
[Date "2018.07.31"]
[Round "4.6"]
[White "Wen, Yang"]
[Black "Lorparizangeneh, Shahin"]
[Result "1-0"]
[BlackElo "2493"]
[WhiteElo "2599"]
[LiveChessVersion "1.4.8"]

1. e4 {[%clk 1:30:51]} c6 {[%clk 1:30:42]} 2. d4 {[%clk 1:30:58]} d5
{[%clk 1:31:06]} 3. exd5 {[%clk 1:31:22]} cxd5 {[%clk 1:31:32]} 4. Bd3
{[%clk 1:31:46]} Nc6 {[%clk 1:31:54]} 5. c3 {[%clk 1:32:11]} Nf6 {[%clk 1:21:13]}
6. h3 {[%clk 1:32:32]} g6 {[%clk 1:21:32]} 7. Qc2 {[%clk 1:32:54]} e5
{[%clk 1:10:11]} 8. dxe5 {[%clk 1:32:29]} Nxe5 9. Be3 {[%clk 1:25:37]} Bg7
{[%clk 1:05:43]} 10. Nd2 {[%clk 1:25:21]} O-O {[%clk 1:02:16]} 11. Ngf3
{[%clk 1:23:22]} Nc6 {[%clk 1:00:43]} 12. O-O {[%clk 1:22:44]} Be6
{[%clk 0:59:44]} 13. Rad1 {[%clk 1:15:46]} Rc8 {[%clk 0:59:14]} 14. Qb1
{[%clk 1:08:16]} Qc7 {[%clk 0:59:14]} 15. Nb3 {[%clk 1:08:16]} Rfe8
{[%clk 0:59:14]} 16. Rfe1 Na5 17. Nxa5 {[%clk 1:08:16]} Qxa5 {[%clk 0:49:36]} 18.
Bd4 {[%clk 1:08:28]} Nh5 {[%clk 0:47:39]} 19. a3 {[%clk 1:00:41]} Bxd4
{[%clk 0:45:37]} 20. Nxd4 {[%clk 1:01:03]} Bd7 {[%clk 0:32:09]} 21. Be2
{[%clk 0:47:42]} Nf4 22. Qc1 {[%clk 0:43:06]} Qc7 {[%clk 0:26:25]} 23. Bf1
{[%clk 0:33:31]} Re4 {[%clk 0:24:16]} 24. Rxe4 {[%clk 0:25:01]} dxe4
{[%clk 0:24:42]} 25. Qe3 {[%clk 0:25:25]} Re8 {[%clk 0:18:36]} 26. Nb5
{[%clk 0:24:28]} Bxb5 {[%clk 0:18:54]} 27. Bxb5 {[%clk 0:24:54]} Re7
{[%clk 0:19:03]} 28. Qxa7 {[%clk 0:22:26]} e3 {[%clk 0:17:33]} 29. Qd4
{[%clk 0:22:24]} e2 {[%clk 0:06:07]} 30. Re1 {[%clk 0:22:47]} b6 {[%clk 0:05:22]}
31. h4 {[%clk 0:19:51]} Qe5 {[%clk 0:01:59]} 32. Qxe5 {[%clk 0:17:53]} Rxe5
{[%clk 0:02:27]} 33. a4 {[%clk 0:18:12]} Rd5 {[%clk 0:01:36]} 34. Bxe2
{[%clk 0:18:36]} Rd2 {[%clk 0:01:58]} 35. Bc4 {[%clk 0:19:01]} Rxb2
{[%clk 0:02:22]} 36. Re8+ {[%clk 0:17:55]} Kg7 {[%clk 0:02:48]} 37. Re7
{[%clk 0:18:19]} Ne6 {[%clk 0:01:19]} 38. Bxe6 {[%clk 0:18:43]} Kf6
{[%clk 0:01:46]} 39. Rxf7+ {[%clk 0:19:07]} Kxe6 {[%clk 0:02:11]} 40. Rxh7
{[%clk 0:19:30]} Ra2 {[%clk 0:02:30]} 41. Rb7 {[%clk 0:19:50]} 1-0

[Event "AsianNationCup2018"]
[Site "Hamedan"]
[Date "2018.07.31"]
[Round "4.7"]
[White "Pourramezanali, Amirreza"]
[Black "Zhou, Jianchao"]
[Result "0-1"]
[BlackElo "2621"]
[WhiteElo "2537"]
[LiveChessVersion "1.4.8"]

1. e4 {[%clk 1:30:49]} c5 {[%clk 1:30:52]} 2. c3 {[%clk 1:31:02]} Nf6
{[%clk 1:23:09]} 3. e5 {[%clk 1:31:25]} Nd5 {[%clk 1:23:37]} 4. Nf3
{[%clk 1:31:48]} e6 {[%clk 1:21:42]} 5. d4 {[%clk 1:32:12]} cxd4 {[%clk 1:22:02]}
6. cxd4 {[%clk 1:32:36]} d6 7. Bc4 {[%clk 1:20:59]} Be7 {[%clk 1:13:11]} 8. O-O
{[%clk 1:21:23]} Nc6 {[%clk 1:12:05]} 9. Bd2 {[%clk 1:20:39]} O-O
{[%clk 1:09:45]} 10. Nc3 {[%clk 1:20:07]} dxe5 {[%clk 1:07:58]} 11. dxe5
{[%clk 1:20:29]} Nxc3 {[%clk 1:07:14]} 12. Bxc3 {[%clk 1:20:54]} b6
{[%clk 1:07:03]} 13. Bd3 {[%clk 1:21:17]} Bb7 {[%clk 1:03:07]} 14. Qb1 g6 15. Be4
{[%clk 0:51:28]} a5 {[%clk 0:48:11]} 16. h4 Ra7 {[%clk 0:40:07]} 17. h5
{[%clk 0:49:04]} Nb4 {[%clk 0:38:39]} 18. Bxb4 {[%clk 0:44:51]} axb4 19. Rd1
{[%clk 0:33:44]} Qa8 {[%clk 0:26:40]} 20. Bxb7 {[%clk 0:32:16]} Qxb7
{[%clk 0:26:59]} 21. Qc1 {[%clk 0:30:35]} Qe4 {[%clk 0:24:17]} 22. Rd4
{[%clk 0:18:55]} Qf5 {[%clk 0:24:08]} 23. hxg6 {[%clk 0:13:45]} fxg6
{[%clk 0:22:13]} 24. Qd2 {[%clk 0:13:57]} Bc5 {[%clk 0:08:11]} 25. Rd8
{[%clk 0:13:03]} Raf7 {[%clk 0:08:03]} 26. Rd1 {[%clk 0:12:04]} Qg4
{[%clk 0:06:51]} 27. Qe2 {[%clk 0:09:28]} h5 {[%clk 0:05:36]} 28. Rxf8+
{[%clk 0:09:49]} Rxf8 {[%clk 0:05:08]} 29. Rc1 {[%clk 0:09:00]} g5
{[%clk 0:04:21]} 30. Rc4 {[%clk 0:02:04]} Qf5 {[%clk 0:04:46]} 31. Qc2
{[%clk 0:02:11]} g4 {[%clk 0:03:24]} 32. Nd4 {[%clk 0:00:36]} Qxc2 33. Nxc2
{[%clk 0:01:05]} g3 {[%clk 0:03:06]} 34. Kf1 {[%clk 0:00:40]} Rxf2+
{[%clk 0:03:28]} 35. Ke1 {[%clk 0:00:58]} Rxg2 {[%clk 0:03:50]} 36. Nxb4
{[%clk 0:01:24]} Rxb2 0-1

[Event "AsianNationCup2018"]
[Site "Hamedan"]
[Date "2018.07.31"]
[Round "4.8"]
[White "Xu, Xiangyu"]
[Black "Darini, Pouria"]
[Result "0-1"]
[BlackElo "2463"]
[WhiteElo "2585"]
[LiveChessVersion "1.4.8"]

1. Nf3 {[%clk 1:30:57]} Nf6 {[%clk 1:30:49]} 2. c4 {[%clk 1:31:23]} g6
{[%clk 1:30:48]} 3. Nc3 {[%clk 1:31:47]} d5 {[%clk 1:31:08]} 4. cxd5
{[%clk 1:32:12]} Nxd5 {[%clk 1:31:31]} 5. h4 {[%clk 1:32:29]} Nc6
{[%clk 1:31:23]} 6. d4 {[%clk 1:31:41]} Bg4 7. e4 {[%clk 1:06:36]} Nxc3
{[%clk 1:22:04]} 8. bxc3 {[%clk 1:07:00]} Bg7 {[%clk 1:21:18]} 9. Be2
{[%clk 1:03:53]} h6 {[%clk 1:15:40]} 10. Be3 {[%clk 0:59:08]} Nb8 11. Qb3
{[%clk 0:51:39]} Nd7 {[%clk 0:49:46]} 12. Ng5 {[%clk 0:48:08]} hxg5
{[%clk 0:48:22]} 13. Bxg4 Nf6 {[%clk 0:42:30]} 14. Bf3 {[%clk 0:47:31]} g4
{[%clk 0:41:25]} 15. Be2 {[%clk 0:47:44]} Nxe4 {[%clk 0:32:52]} 16. Qxb7
{[%clk 0:47:25]} Nf6 17. Qc6+ {[%clk 0:39:34]} Kf8 {[%clk 0:32:43]} 18. Rb1
{[%clk 0:39:57]} Bh6 {[%clk 0:29:14]} 19. Kd2 {[%clk 0:24:01]} Rb8
{[%clk 0:23:17]} 20. Kc2 {[%clk 0:15:21]} Rb6 {[%clk 0:23:12]} 21. Rxb6
{[%clk 0:15:42]} axb6 {[%clk 0:23:32]} 22. Rf1 {[%clk 0:13:27]} Kg7
{[%clk 0:13:40]} 23. Bg5 Bxg5 {[%clk 0:14:09]} 24. hxg5 {[%clk 0:13:24]} Nd5
{[%clk 0:14:38]} 25. Bxg4 {[%clk 0:06:04]} Rh4 {[%clk 0:15:01]} 26. Qd7
{[%clk 0:05:50]} Qa8 {[%clk 0:15:14]} 27. Kb3 {[%clk 0:06:06]} Qa5
{[%clk 0:12:27]} 28. Rc1 {[%clk 0:06:32]} Rh1 {[%clk 0:12:51]} 29. Rc2
{[%clk 0:06:34]} Rb1+ {[%clk 0:11:36]} 30. Kc4 {[%clk 0:07:00]} Nf4
{[%clk 0:11:58]} 31. d5 {[%clk 0:00:32]} Qc5# 0-1

[Event "AsianNationCup2018"]
[Site "Hamedan"]
[Date "2018.07.31"]
[Round "4.9"]
[White "Nguyen, Ngoc Truong Son"]
[Black "Gholami, Aryan"]
[Result "1-0"]
[BlackElo "2492"]
[WhiteElo "2618"]
[LiveChessVersion "1.4.8"]

1. d4 {[%clk 1:30:50]} Nf6 {[%clk 1:30:51]} 2. c4 {[%clk 1:31:04]} g6
{[%clk 1:30:24]} 3. Nc3 {[%clk 1:29:25]} d5 {[%clk 1:30:47]} 4. cxd5
{[%clk 1:28:57]} Nxd5 {[%clk 1:31:08]} 5. e4 {[%clk 1:29:12]} Nxc3
{[%clk 1:31:30]} 6. bxc3 {[%clk 1:29:37]} Bg7 {[%clk 1:31:51]} 7. Nf3
{[%clk 1:29:33]} c5 {[%clk 1:31:22]} 8. Be3 {[%clk 1:29:51]} O-O {[%clk 1:29:06]}
9. Qd2 {[%clk 1:30:04]} b6 {[%clk 1:28:16]} 10. Rc1 {[%clk 1:27:29]} Nd7
{[%clk 1:27:47]} 11. Bd3 {[%clk 1:16:09]} Nf6 {[%clk 1:17:27]} 12. O-O
{[%clk 1:13:57]} Bb7 {[%clk 1:17:25]} 13. e5 {[%clk 0:42:20]} Ne4
{[%clk 1:12:37]} 14. Qc2 {[%clk 0:42:20]} cxd4 {[%clk 1:12:37]} 15. cxd4
{[%clk 0:42:15]} Rc8 {[%clk 1:08:17]} 16. Qa4 {[%clk 0:36:57]} Rxc1
{[%clk 0:41:52]} 17. Rxc1 {[%clk 0:36:36]} a5 {[%clk 0:31:30]} 18. Qc2
{[%clk 0:28:44]} Qa8 {[%clk 0:30:49]} 19. Qb1 {[%clk 0:28:13]} Bd5
{[%clk 0:29:01]} 20. Qxb6 {[%clk 0:26:36]} Bxa2 {[%clk 0:27:31]} 21. Ra1
{[%clk 0:26:22]} Nc3 {[%clk 0:24:08]} 22. Qb2 {[%clk 0:25:25]} Rc8
{[%clk 0:23:14]} 23. Rc1 {[%clk 0:21:33]} a4 {[%clk 0:23:34]} 24. Rxc3
{[%clk 0:21:38]} Rxc3 {[%clk 0:23:58]} 25. Qxc3 {[%clk 0:22:06]} Bd5
{[%clk 0:24:20]} 26. Bc1 {[%clk 0:21:46]} Bxf3 {[%clk 0:24:12]} 27. gxf3
{[%clk 0:22:12]} Qxf3 {[%clk 0:24:37]} 28. Qc8+ {[%clk 0:22:34]} Bf8
{[%clk 0:25:02]} 29. Bh6 {[%clk 0:22:57]} 1-0